| 000 | 00572nam a22002057a 4500 | ||
|---|---|---|---|
| 003 | OSt | ||
| 005 | 20230726132612.0 | ||
| 008 | 160813s2003 cr||||| |||| 00| 0 spa d | ||
| 040 | _cladov | ||
| 082 | 0 | 4 |
_a708 _bE74s |
| 100 |
_aEscobar, Dario _9926 _eautor |
||
| 245 | _aSerpentario | ||
| 260 |
_aGuatemala _c2005 _bCentro de Cultura de EsapaƱa |
||
| 300 |
_a38p. _b17x21cm |
||
| 653 | 1 | 0 | _aARTE CONTEMPORANEO |
| 653 | 1 | 0 | _aCATALOGO |
| 653 | 1 | 0 | _aEXPOSICION |
| 700 | 1 |
_aBarahona-Sotela, Rolando. _ecurador. _95424 |
|
| 942 |
_2ddc _c1 _h708 _iE74s |
||
| 999 |
_c4106 _d4106 |
||